000 01250nam a22002897a 4500
999 _c152339
_d152339
005 20190409115130.0
010 _aB-694061 B-709297 B-721068
020 _a9789381626344
_c325.00
035 _aB-694061
035 _aB-709297
035 _aB-721068
037 _bRK Books
037 _bL/RP/RK Books
037 _bAksharesh Enterprises
082 _aN
100 _aAmish
245 _aThe secret of the Nagas:
_cby Amish
_bbook 2 of the shiva trilogy /
260 _aChennai
_bWestland
_c2017
270 _a61, II Floor, Silverline Building, Alapakkam Main Road, Maduravoyal
_bChennai
_e600095
300 _axxiii, 371p.
_c20cm(pbk)
490 _aShiva trilogy 2
500 _aIncludes glossary
942 _2ddc
_cEN
_mAMI
_hN